Estatutos / Mutua Regional de Accidentes del Trabajo
Descripción Física:
31 p. ; 16 cm
MARC
| LEADER | 00000nam a2200000Ia 4500 | ||
|---|---|---|---|
| 001 | 22769 | ||
| 008 | 160829s9999 xx 000 0 cat d | ||
| 080 | |a RF-16-6 | ||
| 100 | |a Mutua Regional de Accidentes del Trabajo (Barcelona) |9 45596 | ||
| 245 | |a Estatutos / Mutua Regional de Accidentes del Trabajo | ||
| 260 | |a Barcelona : |b Soá y Ferrer, [193- ?] | ||
| 300 | |a 31 p. ; |c 16 cm | ||
| 590 | |a Núm. de full registral: 4668 | ||
| 650 | |a Mutua Regional de Accidentes del Trabajo (Barcelona) |x Estatuts |9 45597 | ||
| 856 | 4 | |u https://media.diba.cat/diba/fitxers/arxiu/fulletons/bib_22769_1930_baixa.pdf |y Accés lliure | |
| 856 | 4 | |u https://media.diba.cat/diba/fitxers/arxiu/fulletons/bib_22769_1930_baixa.pdf |y Accés lliure | |
| 901 | |a Arxiu | ||
| 942 | |n 1 |2 udc | ||
| 952 | |0 0 |1 0 |4 0 |6 RF166 |7 1 |9 52691 |a Arxiu |b Arxiu |d 2016-12-01 |l 0 |o RF-16-6 |p 22769 |r 2016-12-01 00:00:00 |w 2016-12-01 |y ARXIU | ||
| 999 | |c 56540 |d 56540 | ||
| 900 | |a bib_22769_1930_baixa.pdf | ||